| 000 | 00351 a2200109 4500 | ||
|---|---|---|---|
| 001 | ART_52765 | ||
| 005 | 20260410162047.0 | ||
| 008 | 260409a | ||
| 245 | 1 | 0 | _aReglamentación de nuevas exenciones y deducciones en el impuesto a las ganancias |
| 100 | 1 | _aSantacruz, Lidia M. | |
| 773 | 0 |
_tImpuestos _g- N°102 (jun. 2021) _wREV45175 |
|
| 999 |
_c35414 _d35414 |
||